000
00343pam a2200157a 44500
008
230515b2004 xxu||||| |||| 00| 0 eng d
020
_a
0
041
_a
ENGLISH
082
_a
611 CHA
100
_a
CHAURASIA B D
245
_a
HUMAN ANATOMY VOL.2
250
_a
4 TH
260
_a
NEW DELHI
_b
N.D.
_c
2004
300
_a
0
650
_a
ANATOMY
999
_c
481299
_d
481299